| 000 | 00635nam a22002297a 4500 | ||
|---|---|---|---|
| 003 | UA-OsUOA | ||
| 001 | 38468 | ||
| 007 | ta | ||
| 008 | 20060511b un ||||| |||| 00| 0 ukr d | ||
| 090 |
_a72/79:37,01 _bА64 |
||
| 942 | _cBK | ||
| 040 |
_aUA-OsUOA _brus _cUA-OsUOA _dUA-OsUOA |
||
| 245 |
_aАнализ и интерпретация произведения искусства _cЯковлев Н. А. |
||
| 300 | _a551 с. | ||
| 955 | _a2 | ||
| 041 | _arus | ||
| 080 | _a72/79:37,01 | ||
| 020 | _a5-06-004511-0 | ||
| 260 |
_aМ. _bВысшая школа _c2005 |
||
| 650 | 7 |
_a72 Архітектура _2UDC |
|
| 999 |
_c324622 _d324622 |
||